| 000 | 01525cam a22003617a 4500 | ||
|---|---|---|---|
| 003 | CHAP | ||
| 005 | 20220329141939.0 | ||
| 008 | 980907d1998 mx rs o00110 spa d | ||
| 010 | _a76125 | ||
| 011 | _a77097 | ||
| 020 | _a9701318668 | ||
| 035 | _a86698 | ||
| 040 | _cCHAP | ||
| 082 | 0 | 4 |
_a338.456 _bI57 1990-96 |
| 110 | 2 |
_aInstituto Nacional de Estadística, Geografía e Informática. México _959304 |
|
| 245 | 1 | 0 |
_aSistema de cuentas nacionales de México _b: la producción, salarios, empleo y productividad de la industria maquiladora de exportación 1990-1996 : por región geográfica y entidad federativa _c/por Instituto Nacional de Estadística, Geografía e Informática |
| 260 |
_aAguascalientes, Ags. : _bInstituto Nacional de Estadística, Geografía e Informática, _c1998. |
||
| 300 | _a177 p. | ||
| 590 |
_aBATCH-UPD _b10 _c20130110 _lUCH01 _h0232 |
||
| 590 |
_aBATCH-UPD _b10 _c20130110 _lUCH01 _h1604 |
||
| 590 |
_aBATCH-UPD _b10 _c20130409 _lUCH01 _h2256 |
||
| 590 |
_aBATCH-UPD _b10 _c20130410 _lUCH01 _h1254 |
||
| 590 |
_aBATCH-UPD _b10 _c20130914 _lUCH01 _h1301 |
||
| 590 |
_aCONVERSION _b10 _c20130109 _lUCH01 _h1342 |
||
| 650 | 1 | 4 |
_aEmpleo _zMéxico. _936587 |
| 650 | 1 | 4 |
_aIndustria maquiladora _zMéxico. _957903 |
| 650 | 1 | 4 |
_aSalarios _zMéxico. _9101273 |
| 901 | _aBK | ||
| 905 | _aAlejandra Carrasco M. | ||
| 942 | _cLIBRO | ||
| 949 |
_a338.456 I57 1990-96 _bBC _cINEGI _d33724000702692 _eINEGI _fc.2 _h94106 _i86698 _sb |
||
| 949 |
_a338.456 I57 1990-96 _bBC _cINEGI _d33724000702700 _eINEGI _h94105 _i86698 _sb |
||
| 999 |
_c76125 _d76125 |
||